[Event "ODJM C 2018"]
[Site "Willingen GER"]
[Date "2018.05.23"]
[Round "6"]
[White "Pham, Anh Tuan"]
[Black "Conrad, Max"]
[Result "1-0"]
[Termination "normal"]
[Board "19"]
[WhiteElo "1149"]
[BlackElo "1013"]
[PlyCount "71"]
[WhiteFideId "16245229"]
[BlackFideId "16265572"]
[EventCountry "GER"]
[EventRounds "9"]
[EventType "swiss"]
[EventDate "2018.05.19"]

1. e4 d5 2. exd5 Qxd5 3. Nc3 Qa5 4. Nf3 c6 5. d3 Qc7 6. h3 Bf5 7. Be3 Nf6 8.
Qd2 e6 9. a3 Bd6 10. g3 Nbd7 11. Bg2 Bc5 12. d4 Bd6 13. Nh4 O-O 14. O-O-O Rab8
15. Nxf5 exf5 16. Rde1 Rfe8 17. f4 a5 18. Qd3 g6 19. Bf3 b5 20. d5 Bc5 21. dxc6
Bxe3+ 22. Rxe3 Rxe3 23. Qxe3 Re8 24. Qd4 Qb6 25. Qxb6 Nxb6 26. Nxb5 Kg7 27. c7
Nc8 28. Rd1 h5 29. Rd8 Re1+ 30. Kd2 Re8 31. Bb7 Ne4+ 32. Bxe4 Rxe4 33. Rxc8 Re7
34. Ra8 Rd7+ 35. Kc1 Kh6 36. c8=Q 1-0

[Event "ODJM C 2018"]
[Site "Willingen GER"]
[Date "2018.05.23"]
[Round "6"]
[White "Yang, Marco"]
[Black "Reyher, Bastian"]
[Result "0-1"]
[Termination "normal"]
[Board "20"]
[WhiteElo "1026"]
[BlackElo "1137"]
[PlyCount "58"]
[WhiteFideId "16254260"]
[BlackFideId "12927465"]
[EventCountry "GER"]
[EventRounds "9"]
[EventType "swiss"]
[EventDate "2018.05.19"]

1. e4 e5 2. Nf3 Nc6 3. Bc4 Bc5 4. c3 Nf6 5. d4 exd4 6. cxd4 Bb4+ 7. Nc3 Nxe4 8.
O-O Nf6 9. d5 Na5 10. Qa4 c5 11. Re1+ Kf8 12. Bb3 d6 13. a3 Bd7 14. axb4 Bxa4
15. Bxa4 cxb4 16. Nb5 Nxd5 17. Rd1 a6 18. Rxd5 axb5 19. Bxb5 g6 20. Bd2 b3 21.
Bxa5 Rxa5 22. Rxa5 Qxa5 23. Bc4 Qa1+ 24. Bf1 Qxb2 25. Rxd6 Qc1 26. Nd2 b2 27.
h3 b1=Q 28. Nxb1 Qxb1 29. Rd7 Kg7 0-1

[Event "ODJM C 2018"]
[Site "Willingen GER"]
[Date "2018.05.23"]
[Round "6"]
[White "Bone, Franziska"]
[Black "Hernando, Leonard"]
[Result "0-1"]
[Termination "normal"]
[Board "21"]
[WhiteElo "920"]
[BlackElo "1107"]
[PlyCount "50"]
[WhiteFideId "16261488"]
[BlackFideId "16266170"]
[EventCountry "GER"]
[EventRounds "9"]
[EventType "swiss"]
[EventDate "2018.05.19"]

1. e4 e5 2. Nf3 Nc6 3. Bc4 Nf6 4. Ng5 d5 5. exd5 Na5 6. Bb5+ c6 7. dxc6 bxc6 8.
Be2 h6 9. Nf3 e4 10. Ne5 Bd6 11. Nc4 Nxc4 12. Bxc4 O-O 13. Nc3 Re8 14. d3 exd3+
15. Be3 dxc2 16. Qxc2 Bf4 17. Qe2 Bg4 18. Bxf7+ Kh8 19. Qc4 Bxe3 20. fxe3 Rxe3+
21. Kf2 Qd2+ 22. Kf1 Nd5 23. Bxd5 cxd5 24. Qxg4 Rf8+ 25. Kg1 Qf2# 0-1

[Event "ODJM C 2018"]
[Site "Willingen GER"]
[Date "2018.05.23"]
[Round "6"]
[White "Sieber, Cassandra"]
[Black "Hornstein, Leonhard"]
[Result "1-0"]
[Termination "normal"]
[Board "22"]
[WhiteElo "1001"]
[BlackElo "934"]
[PlyCount "51"]
[WhiteFideId "16266218"]
[BlackFideId "16254643"]
[EventCountry "GER"]
[EventRounds "9"]
[EventType "swiss"]
[EventDate "2018.05.19"]

1. e4 d5 2. e5 Nc6 3. d4 Bf5 4. Bb5 e6 5. Nf3 Qd7 6. O-O a6 7. Ba4 Nge7 8. Bg5
Ng6 9. Nbd2 Be7 10. Nb3 b5 11. Nc5 Bxc5 12. Bxb5 Be7 13. Bd3 Bxd3 14. Qxd3 Bxg5
15. Nxg5 O-O 16. Rfe1 Rab8 17. b3 a5 18. Rad1 Qe7 19. Nf3 f6 20. c4 Nf4 21. Qd2
Ng6 22. cxd5 exd5 23. Qc3 Rb6 24. Qc5 fxe5 25. Nxe5 Qf6 26. Qxd5+ 1-0

[Event "ODJM C 2018"]
[Site "Willingen GER"]
[Date "2018.05.23"]
[Round "6"]
[White "Ahrens, Merle"]
[Black "Wilmink, Luca"]
[Result "0-1"]
[Termination "normal"]
[Board "23"]
[WhiteElo "1008"]
[BlackElo "1267"]
[PlyCount "80"]
[WhiteFideId "16266200"]
[BlackFideId "16245253"]
[EventCountry "GER"]
[EventRounds "9"]
[EventType "swiss"]
[EventDate "2018.05.19"]

1. d4 Nf6 2. e3 d5 3. c4 e6 4. c5 Nc6 5. a3 Be7 6. Nc3 O-O 7. Nf3 b6 8. b4 a5
9. bxa5 Rxa5 10. Bd2 Ra7 11. Bb5 Bd7 12. Bxc6 Bxc6 13. Ne5 Qa8 14. O-O bxc5 15.
dxc5 Bxc5 16. a4 Nd7 17. Nxc6 Qxc6 18. Nb5 Ra6 19. Bc3 Rfa8 20. Qg4 g6 21. Qh4
Bf8 22. Rfd1 Qb7 23. Bd2 c6 24. Nc3 Nc5 25. Rab1 Qc7 26. Ne2 Nxa4 27. Nc3 Nxc3
28. Bxc3 Bg7 29. Bxg7 Kxg7 30. g3 c5 31. Kg2 c4 32. f4 e5 33. Rb4 Qc6 34. Qg5
d4+ 35. Kf2 Ra2+ 36. Rd2 Rxd2+ 37. Ke1 Qg2 38. Qxe5+ f6 39. Qe7+ Kh6 40. exd4
Qf2# 0-1

[Event "ODJM C 2018"]
[Site "Willingen GER"]
[Date "2018.05.23"]
[Round "6"]
[White "Wagner, Xaver Korbinian"]
[Black "Burger, Daiana"]
[Result "0-1"]
[Termination "normal"]
[Board "24"]
[WhiteElo "1127"]
[BlackElo "939"]
[PlyCount "42"]
[BlackFideId "16217233"]
[EventCountry "GER"]
[EventRounds "9"]
[EventType "swiss"]
[EventDate "2018.05.19"]

1. e4 e5 2. Nf3 Nc6 3. Bc4 Bc5 4. Nc3 Nf6 5. d3 d6 6. Bg5 h6 7. Bh4 g5 8. Nxg5
hxg5 9. Bxg5 Bg4 10. f3 Be6 11. Bxe6 fxe6 12. Na4 Qe7 13. Nxc5 dxc5 14. Qd2
O-O-O 15. f4 exf4 16. Qxf4 Rdf8 17. e5 Nd4 18. Qc1 c4 19. Bxf6 Qf7 20. Bxh8
Qf2+ 21. Kd1 Qe2# 0-1

[Event "ODJM C 2018"]
[Site "Willingen GER"]
[Date "2018.05.23"]
[Round "6"]
[White "Grunert, Heinrich"]
[Black "Matiashvili, Alexander Michael"]
[Result "0-1"]
[Termination "normal"]
[Board "25"]
[WhiteElo "1212"]
[BlackElo "847"]
[PlyCount "46"]
[WhiteFideId "16213416"]
[BlackFideId "16266242"]
[EventCountry "GER"]
[EventRounds "9"]
[EventType "swiss"]
[EventDate "2018.05.19"]

1. e4 e5 2. Nf3 Nc6 3. Bc4 Nf6 4. Ng5 d5 5. exd5 b5 6. Bxb5 Qxd5 7. Bxc6+ Qxc6
8. O-O Bb7 9. Nf3 Bc5 10. Nc3 h6 11. h3 g5 12. Re1 O-O-O 13. Rxe5 g4 14. hxg4
Nxg4 15. Re2 Rhe8 16. d3 Rxe2 17. Qxe2 Bxf2+ 18. Kh1 Qd6 19. Ne5 Qxe5 20. Qxg4+
Kb8 21. Qe2 Bxg2+ 22. Kxg2 Qg3+ 23. Kf1 Qg1# 0-1

[Event "ODJM C 2018"]
[Site "Willingen GER"]
[Date "2018.05.23"]
[Round "6"]
[White "Basovskiy, Michael"]
[Black "Vianden, Ella"]
[Result "0-1"]
[Termination "normal"]
[Board "26"]
[WhiteElo "937"]
[BlackElo "1044"]
[PlyCount "84"]
[WhiteFideId "16258754"]
[BlackFideId "16235592"]
[EventCountry "GER"]
[EventRounds "9"]
[EventType "swiss"]
[EventDate "2018.05.19"]

1. d4 d5 2. c4 dxc4 3. e4 Nf6 4. Nc3 e6 5. Bxc4 Be7 6. Bf4 O-O 7. Nf3 Bd7 8.
O-O Nc6 9. Re1 Rb8 10. Rc1 Bb4 11. a3 Bxc3 12. Rxc3 Re8 13. e5 Nd5 14. Bxd5
exd5 15. Bg5 Qc8 16. h3 h6 17. Bf4 a6 18. Qc1 Rf8 19. Rc5 Be6 20. Rd1 Qd7 21.
Rc3 Rbc8 22. Rc2 Rfe8 23. Re2 Ne7 24. Ree1 Nf5 25. Rf1 Qd8 26. Bg3 b6 27. Qf4
Ne7 28. Qc1 b5 29. Bh4 c6 30. b4 Rf8 31. Qc5 Re8 32. Bxe7 Rxe7 33. Qc2 Ra8 34.
Nd2 Qc8 35. Nb3 Bf5 36. Qc5 Re8 37. Na5 Re6 38. Rc1 Bxh3 39. gxh3 Rg6+ 40. Kh2
Qf5 41. Rc2 Qf4+ 42. Kh1 Qf3+ 0-1

[Event "ODJM C 2018"]
[Site "Willingen GER"]
[Date "2018.05.23"]
[Round "6"]
[White "Jagodzinsky, Lukas"]
[Black "Margaryan, Venera"]
[Result "0-1"]
[Termination "normal"]
[Board "27"]
[WhiteElo "840"]
[BlackElo "991"]
[PlyCount "122"]
[WhiteFideId "16233255"]
[BlackFideId "16266226"]
[EventCountry "GER"]
[EventRounds "9"]
[EventType "swiss"]
[EventDate "2018.05.19"]

1. e4 c5 2. b4 d6 3. Bb5+ Bd7 4. Bxd7+ Nxd7 5. bxc5 Nxc5 6. Nc3 Nf6 7. d3 e5 8.
Bg5 Be7 9. d4 Ncxe4 10. Nxe4 Nxe4 11. Bxe7 Qxe7 12. Nf3 O-O 13. O-O Rac8 14.
Qd3 Nf6 15. dxe5 dxe5 16. Rfe1 e4 17. Qd2 Rfd8 18. Qe2 Qc5 19. Nh4 Qxc2 20.
Qxc2 Rxc2 21. g3 Rdd2 22. Rab1 b6 23. Rbc1 h6 24. Rxc2 Rxc2 25. a4 Ra2 26. Rd1
Ng4 27. f3 Nxh2 28. fxe4 Ng4 29. Rd8+ Kh7 30. Rd7 Rxa4 31. Rxf7 Rxe4 32. Nf5
Re1+ 33. Kg2 Ne3+ 34. Nxe3 Rxe3 35. Rxa7 b5 36. Rb7 Rb3 37. Kh3 b4 38. Kg4 Rb1
39. Kf5 b3 40. g4 b2 41. g5 Rf1+ 42. Ke4 b1=Q+ 43. Rxb1 Rxb1 44. gxh6 gxh6 45.
Kf5 Rb5+ 46. Ke4 Kg6 47. Kd4 h5 48. Ke4 Kg5 49. Kf3 Rb3+ 50. Ke4 Kg4 51. Kd4 h4
52. Ke4 h3 53. Kd4 h2 54. Kc4 Rf3 55. Kd4 h1=Q 56. Ke4 Qe1+ 57. Kd4 Rf2 58. Kd3
Rd2+ 59. Kc3 Qc1+ 60. Kb4 Rb2+ 61. Ka3 Qa1# 0-1

[Event "ODJM C 2018"]
[Site "Willingen GER"]
[Date "2018.05.23"]
[Round "6"]
[White "Grozea, Nicolae Theodor"]
[Black "Haug, Mara"]
[Result "0-1"]
[Termination "normal"]
[Board "28"]
[WhiteElo "972"]
[BlackElo "938"]
[PlyCount "82"]
[WhiteFideId "16266234"]
[BlackFideId "16259300"]
[EventCountry "GER"]
[EventRounds "9"]
[EventType "swiss"]
[EventDate "2018.05.19"]

1. e4 e5 2. Nf3 Nc6 3. Nc3 Bc5 4. Nxe5 Nxe5 5. d4 Ng6 6. dxc5 Nf6 7. Be3 d6 8.
Bc4 Be6 9. Bb3 dxc5 10. Qxd8+ Rxd8 11. Bxc5 b6 12. Be3 O-O 13. O-O Rfe8 14.
Rad1 Rf8 15. Rfe1 Bg4 16. f3 Be6 17. f4 Bg4 18. Rd3 Rxd3 19. cxd3 Rd8 20. d4 b5
21. a3 a5 22. e5 Nd5 23. Bxd5 b4 24. axb4 axb4 25. Ne4 Rxd5 26. b3 Bf5 27. Bd2
Rxd4 28. Ng5 Rxd2 29. h4 h6 30. Nf3 Rb2 31. Nd4 Bg4 32. g3 c5 33. e6 fxe6 34.
Nxe6 Rxb3 35. Nxc5 Rxg3+ 36. Kf2 Rc3 37. Ne4 Ra3 38. Rc1 b3 39. Nc3 b2 40. Rb1
Rxc3 41. Rxb2 Nxf4 0-1

[Event "ODJM C 2018"]
[Site "Willingen GER"]
[Date "2018.05.23"]
[Round "6"]
[White "Ahrens, Malte"]
[Black "Trenkelbach, Cassian Karl"]
[Result "0-1"]
[Termination "normal"]
[Board "29"]
[WhiteElo "1046"]
[BlackElo "1076"]
[PlyCount "62"]
[WhiteFideId "16266196"]
[BlackFideId "16266188"]
[EventCountry "GER"]
[EventRounds "9"]
[EventType "swiss"]
[EventDate "2018.05.19"]

1. e4 e5 2. Nf3 Nc6 3. Bc4 Nf6 4. Ng5 d5 5. exd5 Nxd5 6. d3 f6 7. Qf3 Ncb4 8.
Na3 c6 9. Ne4 Be6 10. Bd2 b5 11. Bb3 a5 12. c4 bxc4 13. dxc4 Nb6 14. Nc5 Bxc5
15. Bxb4 Bxb4+ 16. Ke2 Bxa3 17. Qxc6+ Bd7 18. Qe4 Bxb2 19. Rad1 Qc8 20. Rd6 Bf5
21. Qe3 Nxc4 22. Bxc4 Qxc4+ 23. Kd2 Qc2+ 24. Ke1 Bc3+ 25. Kf1 Qb1+ 26. Ke2 Qxh1
27. Qxc3 Qxg2 28. Qc7 Qe4+ 29. Kd2 Rc8 30. Qxa5 Rc2+ 31. Kd1 Qe2# 0-1

[Event "ODJM C 2018"]
[Site "Willingen GER"]
[Date "2018.05.24"]
[Round "7"]
[White "Noever, Jonas"]
[Black "Senechal, Niklas Bennett"]
[Result "1-0"]
[Termination "normal"]
[Board "1"]
[WhiteElo "1204"]
[BlackElo "1395"]
[WhiteClock "00:53:01"]
[BlackClock "01:01:49"]
[PlyCount "43"]
[WhiteFideId "16266137"]
[BlackFideId "16231180"]
[EventCountry "GER"]
[EventRounds "9"]
[EventType "swiss"]
[EventDate "2018.05.19"]

1. e4 {[%clk 1:30:58]} 1... c6 {[%clk 1:30:46]} 2. Nf3 {[%clk 1:31:14]} 2... d5
{[%clk 1:31:06]} 3. Nc3 {[%clk 1:31:17]} 3... Nf6 {[%clk 1:28:49]} 4. e5 {
[%clk 1:24:32]} 4... d4 {[%clk 1:24:08]} 5. exf6 {[%clk 1:18:03]} 5... dxc3 {
[%clk 1:24:27]} 6. fxe7 {[%clk 1:17:57]} 6... Qxe7+ {[%clk 1:23:49]} 7. Qe2 {
[%clk 1:17:36]} 7... Qxe2+ {[%clk 1:23:38]} 8. Bxe2 {[%clk 1:17:44]} 8... cxd2+
{[%clk 1:23:47]} 9. Bxd2 {[%clk 1:18:05]} 9... Bf5 {[%clk 1:24:05]} 10. O-O-O {
[%clk 1:18:17]} 10... Bc5 {[%clk 1:24:00]} 11. Bg5 {[%clk 1:02:52]} 11... O-O {
[%clk 1:20:33]} 12. Bh4 {[%clk 1:01:18]} 12... Re8 {[%clk 1:16:06]} 13. Nd4 {
[%clk 0:55:39]} 13... f6 {[%clk 1:03:28]} 14. Bc4+ {[%clk 0:53:26]} 14... Kf8 {
[%clk 1:02:11]} 15. Nxf5 {[%clk 0:53:12]} 15... g6 {[%clk 1:02:29]} 16. Nd6 {
[%clk 0:52:50]} 16... Bxd6 {[%clk 1:02:25]} 17. Rxd6 {[%clk 0:53:11]} 17... Re4
{[%clk 1:02:45]} 18. Bg3 {[%clk 0:52:01]} 18... Rxc4 {[%clk 1:02:17]} 19. Rd8+
{[%clk 0:52:12]} 19... Kf7 {[%clk 1:01:24]} 20. Rxb8 {[%clk 0:52:20]} 20...
Rxb8 {[%clk 1:01:46]} 21. Bxb8 {[%clk 0:52:45]} 21... Ra4 {[%clk 1:01:49]} 22.
a3 {[%clk 0:53:01]} 1-0

[Event "ODJM C 2018"]
[Site "Willingen GER"]
[Date "2018.05.24"]
[Round "7"]
[White "Wellßow, Keoki"]
[Black "Bakalarz, Adrian"]
[Result "1-0"]
[Termination "normal"]
[Board "3"]
[WhiteElo "1490"]
[BlackElo "1206"]
[WhiteClock "00:26:19"]
[BlackClock "00:00:37"]
[PlyCount "73"]
[WhiteFideId "16251075"]
[BlackFideId "12955809"]
[EventCountry "GER"]
[EventRounds "9"]
[EventType "swiss"]
[EventDate "2018.05.19"]

1. Nf3 {[%clk 1:30:51]} 1... d5 {[%clk 1:30:50]} 2. d4 {[%clk 1:30:20]} 2...
Bf5 {[%clk 1:30:45]} 3. Bf4 {[%clk 1:30:11]} 3... e6 {[%clk 1:29:44]} 4. e3 {
[%clk 1:29:49]} 4... Bd6 {[%clk 1:29:35]} 5. Bg3 {[%clk 1:29:03]} 5... Nf6 {
[%clk 1:29:17]} 6. a3 {[%clk 1:27:39]} 6... h6 {[%clk 1:25:22]} 7. c4 { [%clk
1:25:37]} 7... b6 {[%clk 1:16:49]} 8. Nc3 {[%clk 1:22:57]} 8... O-O { [%clk
1:10:23]} 9. b4 {[%clk 1:15:47]} 9... c5 {[%clk 1:01:46]} 10. Qb3 { [%clk
1:11:16]} 10... Ne4 {[%clk 0:41:49]} 11. Nxe4 {[%clk 1:06:13]} 11... Bxe4
{[%clk 0:40:30]} 12. bxc5 {[%clk 0:53:26]} 12... bxc5 {[%clk 0:36:04]} 13. Qb7
{[%clk 0:46:01]} 13... Qa5+ {[%clk 0:11:01]} 14. Nd2 {[%clk 0:44:16]} 14...
Bxg3 {[%clk 0:08:06]} 15. hxg3 {[%clk 0:42:27]} 15... Na6 {[%clk 0:04:58]} 16.
cxd5 {[%clk 0:41:46]} 16... Bxd5 {[%clk 0:04:47]} 17. Qxa6 {[%clk 0:40:58]}
17... Qc3 {[%clk 0:03:20]} 18. Rb1 {[%clk 0:34:20]} 18... Ba2 {[%clk 0:03:18]}
19. Qd3 {[%clk 0:33:05]} 19... Qxd3 {[%clk 0:02:36]} 20. Bxd3 {[%clk 0:33:26]}
20... Bxb1 {[%clk 0:03:04]} 21. Bxb1 {[%clk 0:33:36]} 21... cxd4 { [%clk
0:03:24]} 22. exd4 {[%clk 0:33:24]} 22... Rab8 {[%clk 0:02:28]} 23. O-O { [%clk
0:33:10]} 23... Rfd8 {[%clk 0:02:40]} 24. Nf3 {[%clk 0:32:12]} 24... a5 { [%clk
0:01:49]} 25. Be4 {[%clk 0:30:43]} 25... Rb3 {[%clk 0:00:56]} 26. a4 { [%clk
0:31:12]} 26... Rb4 {[%clk 0:01:24]} 27. Bc6 {[%clk 0:30:54]} 27... Rc8 { [%clk
0:00:37]} 28. Bb5 {[%clk 0:29:48]} 28... Rd8 {[%clk 0:01:06]} 29. Rc1 { [%clk
0:29:55]} 29... Rb8 {[%clk 0:00:32]} 30. Kf1 {[%clk 0:29:24]} 30... Kf8 { [%clk
0:00:50]} 31. Ne5 {[%clk 0:29:22]} 31... Rd8 {[%clk 0:00:32]} 32. Nc6 { [%clk
0:29:02]} 32... Rdxd4 {[%clk 0:00:39]} 33. Nxd4 {[%clk 0:28:32]} 33... Rxd4
{[%clk 0:01:07]} 34. Rc8+ {[%clk 0:27:59]} 34... Ke7 {[%clk 0:01:35]} 35. Ra8
{[%clk 0:27:22]} 35... Kd6 {[%clk 0:00:56]} 36. Ra7 {[%clk 0:26:34]} 36... f5
{[%clk 0:00:37]} 37. Rxg7 {[%clk 0:26:19]} 1-0

[Event "ODJM C 2018"]
[Site "Willingen GER"]
[Date "2018.05.24"]
[Round "7"]
[White "I., Natascha"]
[Black "Scharf, Christian"]
[Result "1-0"]
[Termination "normal"]
[Board "4"]
[WhiteElo "1131"]
[BlackElo "1246"]
[WhiteClock "01:02:21"]
[BlackClock "00:51:43"]
[PlyCount "35"]
[WhiteFideId "16257545"]
[BlackFideId "16266110"]
[EventCountry "GER"]
[EventRounds "9"]
[EventType "swiss"]
[EventDate "2018.05.19"]

1. e4 {[%clk 1:30:58]} 1... e5 {[%clk 1:30:56]} 2. Nf3 {[%clk 1:31:21]} 2...
Nc6 {[%clk 1:31:24]} 3. d4 {[%clk 1:31:44]} 3... exd4 {[%clk 1:31:52]} 4. Nxd4
{[%clk 1:32:05]} 4... Nf6 {[%clk 1:32:16]} 5. Nc3 {[%clk 1:32:27]} 5... Bb4 {
[%clk 1:32:41]} 6. Nxc6 {[%clk 1:32:50]} 6... bxc6 {[%clk 1:33:04]} 7. Bd3 {
[%clk 1:33:11]} 7... d5 {[%clk 1:33:27]} 8. exd5 {[%clk 1:33:35]} 8... cxd5 {
[%clk 1:33:52]} 9. O-O {[%clk 1:33:28]} 9... O-O {[%clk 1:34:18]} 10. Bg5 {
[%clk 1:33:47]} 10... c6 {[%clk 1:34:17]} 11. Na4 {[%clk 1:33:05]} 11... h6 {
[%clk 1:31:13]} 12. Bh4 {[%clk 1:31:34]} 12... Be6 {[%clk 1:24:43]} 13. c3 {
[%clk 1:28:30]} 13... Be7 {[%clk 1:23:44]} 14. Re1 {[%clk 1:23:25]} 14... Ne8 {
[%clk 1:14:14]} 15. Bg3 {[%clk 1:21:48]} 15... Nc7 {[%clk 1:00:31]} 16. b4 {
[%clk 1:17:44]} 16... a5 {[%clk 0:55:11]} 17. a3 {[%clk 1:04:53]} 17... Qd7 {
[%clk 0:51:43]} 18. Nb6 {[%clk 1:02:21]} 1-0

[Event "ODJM C 2018"]
[Site "Willingen GER"]
[Date "2018.05.24"]
[Round "7"]
[White "Hoffmann, Alexander"]
[Black "Richter, Gerrit"]
[Result "0-1"]
[Termination "normal"]
[Board "6"]
[WhiteElo "1059"]
[BlackElo "1428"]
[WhiteClock "00:13:41"]
[BlackClock "01:20:35"]
[PlyCount "68"]
[WhiteFideId "16240219"]
[BlackFideId "12990825"]
[EventCountry "GER"]
[EventRounds "9"]
[EventType "swiss"]
[EventDate "2018.05.19"]

1. e4 {[%clk 1:30:58]} 1... c5 {[%clk 1:30:55]} 2. Nf3 {[%clk 1:31:22]} 2...
Nc6 {[%clk 1:31:17]} 3. Nc3 {[%clk 1:31:47]} 3... Nf6 {[%clk 1:31:21]} 4. d4 {
[%clk 1:32:05]} 4... cxd4 {[%clk 1:31:39]} 5. Nxd4 {[%clk 1:32:28]} 5... e5 {
[%clk 1:32:06]} 6. Ndb5 {[%clk 1:32:29]} 6... d6 {[%clk 1:32:17]} 7. Bg5 {
[%clk 1:32:10]} 7... a6 {[%clk 1:32:34]} 8. Na3 {[%clk 1:32:30]} 8... b5 {
[%clk 1:32:58]} 9. Nd5 {[%clk 1:32:40]} 9... Be7 {[%clk 1:33:00]} 10. Nxe7 {
[%clk 1:32:40]} 10... Qxe7 {[%clk 1:33:15]} 11. c3 {[%clk 1:32:43]} 11... Bb7 {
[%clk 1:33:10]} 12. Bd3 {[%clk 1:32:32]} 12... O-O {[%clk 1:33:17]} 13. O-O {
[%clk 1:31:39]} 13... Rad8 {[%clk 1:33:17]} 14. Nc2 {[%clk 1:30:34]} 14... d5 {
[%clk 1:33:23]} 15. Qf3 {[%clk 1:23:09]} 15... d4 {[%clk 1:32:27]} 16. cxd4 {
[%clk 1:16:16]} 16... Nxd4 {[%clk 1:32:34]} 17. Nxd4 {[%clk 1:15:58]} 17...
Rxd4 {[%clk 1:32:53]} 18. Qe3 {[%clk 1:08:57]} 18... Qd6 {[%clk 1:31:48]} 19.
Bxf6 {[%clk 1:07:01]} 19... Rxd3 {[%clk 1:31:19]} 20. Be7 {[%clk 1:04:01]}
20... Qd7 {[%clk 1:30:02]} 21. Qe2 {[%clk 1:03:16]} 21... Re8 {[%clk 1:30:13]}
22. Bg5 {[%clk 0:57:44]} 22... h6 {[%clk 1:30:01]} 23. Be3 {[%clk 0:56:38]}
23... Bxe4 {[%clk 1:29:56]} 24. Bxh6 {[%clk 0:49:31]} 24... Qd5 {[%clk 1:29:46]
} 25. Qg4 {[%clk 0:43:52]} 25... g6 {[%clk 1:28:15]} 26. Qh4 {[%clk 0:38:33]}
26... Re6 {[%clk 1:26:47]} 27. f3 {[%clk 0:37:56]} 27... Bf5 {[%clk 1:25:34]}
28. g4 {[%clk 0:35:49]} 28... g5 {[%clk 1:24:47]} 29. Qxg5+ {[%clk 0:31:10]}
29... Bg6 {[%clk 1:24:54]} 30. h4 {[%clk 0:26:55]} 30... Rxf3 {[%clk 1:21:36]}
31. Rxf3 {[%clk 0:23:26]} 31... Qxf3 {[%clk 1:21:53]} 32. Qd8+ {[%clk 0:15:48]}
32... Kh7 {[%clk 1:21:46]} 33. Qf8 {[%clk 0:14:29]} 33... Qg3+ {[%clk 1:20:24]}
34. Kh1 {[%clk 0:13:41]} 34... Be4# {[%clk 1:20:35]} 0-1

[Event "ODJM C 2018"]
[Site "Willingen GER"]
[Date "2018.05.24"]
[Round "7"]
[White "Heß, Wadim"]
[Black "Kail, Oliver"]
[Result "1/2-1/2"]
[Termination "normal"]
[Board "7"]
[WhiteElo "1235"]
[BlackElo "1479"]
[PlyCount "90"]
[WhiteFideId "16266129"]
[BlackFideId "16228820"]
[EventCountry "GER"]
[EventRounds "9"]
[EventType "swiss"]
[EventDate "2018.05.19"]

1. e4 e5 2. Nf3 Nc6 3. d4 exd4 4. Bc4 d6 5. Nxd4 Nxd4 6. Qxd4 Qf6 7. Be3 Be6 8.
Nc3 Qxd4 9. Bb5+ c6 10. Bxd4 cxb5 11. Nxb5 Kd7 12. O-O-O a6 13. Nxd6 Kc6 14. e5
Bxd6 15. exd6 Nf6 16. Rd2 b5 17. f3 Rhd8 18. Be5 Ne8 19. Rhd1 Rd7 20. Rd3 b4
21. a3 a5 22. Rd4 f6 23. Bg3 Rb8 24. Re1 Bf7 25. Red1 g5 26. f4 bxa3 27. b3 Rb4
28. fxg5 Rxd4 29. Rxd4 Nxd6 30. Ra4 Nb5 31. c4 Nc3 32. Rxa3 Ne2+ 33. Kb1 Nxg3
34. hxg3 fxg5 35. Rxa5 Rb7 36. Kc2 h6 37. Ra6+ Rb6 38. Ra7 Bg6+ 39. Kc3 Be4 40.
b4 Rb7 41. b5+ Kc5 42. Ra8 Rd7 43. Rc8+ Kb6 44. Kb4 Kb7 45. Rh8 Rh7 1/2-1/2

[Event "ODJM C 2018"]
[Site "Willingen GER"]
[Date "2018.05.24"]
[Round "7"]
[White "Feil, Alexander"]
[Black "Winkler, Yonathan"]
[Result "1/2-1/2"]
[Termination "normal"]
[Board "8"]
[WhiteElo "1361"]
[BlackElo "1307"]
[PlyCount "20"]
[WhiteFideId "4002954"]
[BlackFideId "16266080"]
[EventCountry "GER"]
[EventRounds "9"]
[EventType "swiss"]
[EventDate "2018.05.19"]

1. e4 e5 2. d4 exd4 3. c3 Nf6 4. e5 Qe7 5. cxd4 c5 6. Qe2 Nd5 7. Qe4 Nf6 8. Qe2
Nd5 9. Qe4 Nf6 10. Qe2 Nd5 1/2-1/2

[Event "ODJM C 2018"]
[Site "Willingen GER"]
[Date "2018.05.24"]
[Round "7"]
[White "Schneble, Milan"]
[Black "Torosyan, Bagrat"]
[Result "0-1"]
[Termination "normal"]
[Board "9"]
[WhiteElo "1258"]
[BlackElo "1170"]
[PlyCount "76"]
[WhiteFideId "16266102"]
[BlackFideId "16258134"]
[EventCountry "GER"]
[EventRounds "9"]
[EventType "swiss"]
[EventDate "2018.05.19"]

1. e4 e5 2. Nf3 Nc6 3. Bc4 Nf6 4. Ng5 d5 5. exd5 Na5 6. Bb5+ c6 7. dxc6 bxc6 8.
Ba4 h6 9. Nf3 e4 10. Ng1 Qb6 11. Ne2 Bc5 12. d4 exd3 13. Qxd3 Bxf2+ 14. Kd1 Ba6
15. Qf3 Rd8+ 16. Bd2 Be3 17. Kc1 Bxd2+ 18. Nxd2 O-O 19. Nb3 Nxb3+ 20. axb3 Rfe8
21. Nc3 Bb5 22. Bxb5 cxb5 23. Rf1 b4 24. Nd1 Rc8 25. Qf2 Qxf2 26. Rxf2 Rc7 27.
Rf4 Re2 28. Rf2 Rcxc2+ 29. Kb1 Rxf2 30. Nxf2 Rxf2 31. Rxa7 Rxg2 32. Rb7 Rxh2
33. Rxb4 Kf8 34. Rb7 g6 35. b4 Ke8 36. b5 Nd7 37. b6 Rh5 38. Kc2 Rb5 0-1

[Event "ODJM C 2018"]
[Site "Willingen GER"]
[Date "2018.05.24"]
[Round "7"]
[White "Keck, Johannes"]
[Black "Lohrmann, Linus"]
[Result "1-0"]
[Termination "normal"]
[Board "10"]
[WhiteElo "1147"]
[BlackElo "1369"]
[PlyCount "119"]
[WhiteFideId "16258746"]
[BlackFideId "12982857"]
[EventCountry "GER"]
[EventRounds "9"]
[EventType "swiss"]
[EventDate "2018.05.19"]

1. e4 e5 2. Nf3 Nc6 3. Bc4 Bc5 4. c3 Nf6 5. d3 a6 6. Nbd2 d6 7. Bb3 O-O 8. O-O
Be6 9. Bc2 Qd7 10. h3 Bxh3 11. gxh3 Qxh3 12. Nh2 Qg3+ 13. Kh1 Bxf2 14. Qf3 Be1
15. Qxg3 Bxg3 16. Rg1 Bxh2 17. Kxh2 d5 18. exd5 Nxd5 19. Ne4 f5 20. Nc5 f4 21.
Ne6 Rf6 22. Bb3 Nce7 23. Nxc7 Rd8 24. Re1 Rdd6 25. Rxe5 Rh6+ 26. Kg2 Rdg6+ 27.
Kf3 Rh3+ 28. Ke4 Rg2 29. Rxe7 Re2+ 30. Kd4 Rxe7 31. Nxd5 Rd7 32. Kc5 Rh5 33.
Kb4 Kf8 34. Bxf4 Rh3 35. d4 Rf3 36. Be5 Rh3 37. Rf1+ Ke8 38. Nb6 Rd8 39. Bxg7
Rh2 40. Bf7+ Ke7 41. Bf6+ Kxf7 42. Bxd8+ Ke8 43. Bc7 Rxb2+ 44. Ka3 Rb5 45. Rh1
Ra5+ 46. Kb4 Rxa2 47. Rxh7 Rg2 48. Kc4 Rg6 49. d5 a5 50. d6 Rxd6 51. Bxd6 a4
52. Nxa4 b5+ 53. Kxb5 Kd8 54. Bg3 Kc8 55. Nb6+ Kd8 56. c4 Ke8 57. c5 Kd8 58. c6
Ke8 59. c7 Kf8 60. c8=R# 1-0